[Event "Oberliga Nord O 1516"]
[Site "Germany"]
[Date "2015.10.11"]
[Round "2.6"]
[White "Hoffmann, Udo"]
[Black "Georgi, David"]
[Result "1-0"]
[WhiteElo "2228"]
[BlackElo "1806"]
[PlyCount "83"]
[EventDate "2015.09.20"]
[EventType "team-tourn"]
[EventRounds "9"]
[EventCountry "GER"]
[SourceTitle "CBM 170 Extra"]
[Source "ChessBase"]
[SourceDate "2016.02.25"]
[SourceVersion "1"]
[SourceVersionDate "2016.02.25"]
[SourceQuality "1"]
[WhiteTeam "Berlin SF"]
[BlackTeam "Fuerstenwalde"]
[WhiteTeamCountry "GER"]
[BlackTeamCountry "GER"]

1. e4 c5 2. b3 Nf6 3. Nc3 d5 4. exd5 Nxd5 5. Bc4 Nxc3 6. Qf3 e6 7. dxc3 Be7 8. Bb2 0-0 9. Bd3 Nc6 10. Be4 Bd7 11. Rd1 Qc7 12. Qg3 e5 13. Bxh7+ Kxh7 14. Qd3+ Kg8 15. Qxd7 Rac8 16. Qxc7 Rxc7 17. Ne2 Rd8 18. Ng3 Rcd7 19. Ke2 g6 20. Rxd7 Rxd7 21. h4 c4 22. h5 Kg7 23. Bc1 gxh5 24. Rxh5 f6 25. Nf5+ Kf7 26. g4 Bf8 27. Rh7+ Ke6 28. Rh8 Kf7 29. Be3 b6 30. Bc1 Nd8 31. Be3 Nc6 32. Bh6 Bxh6 33. Rxh6 Ke6 34. Ne3 cxb3 35. cxb3 Rg7 36. f3 b5 37. Nf5 Rg8 38. Rh7 e4 39. fxe4 Rxg4 40. Kf3 Ne5+ 41. Ke3 Nf7 42. Rxf7 1-0

[Event "Oberliga Nord O 1415"]
[Site "Germany"]
[Date "2015.01.18"]
[Round "5.1"]
[White "Popovics, Adam"]
[Black "Hoffmann, Udo"]
[Result "1-0"]
[WhiteElo "2402"]
[BlackElo "2226"]
[PlyCount "57"]
[EventDate "2014.09.21"]
[EventType "team-tourn"]
[EventRounds "9"]
[EventCountry "GER"]
[SourceTitle "EXT 2016"]
[Source "ChessBase"]
[SourceDate "2015.10.08"]
[SourceVersion "1"]
[SourceVersionDate "2015.10.08"]
[SourceQuality "1"]
[WhiteTeam "Neuruppin"]
[BlackTeam "Berlin SF III"]
[WhiteTeamCountry "GER"]
[BlackTeamCountry "GER"]

1. Nf3 c5 2. c4 Nf6 3. Nc3 b6 4. d4 cxd4 5. Nxd4 Bb7 6. Bg5 e6 7. Ndb5 d6 8. Bf4 e5 9. Bg5 a6 10. Bxf6 gxf6 11. Na3 d5 12. cxd5 b5 13. Nc2 f5 14. Qd3 Qd7 15. a3 Bg7 16. g3 0-0 17. Bh3 e4 18. Qd2 Re8 19. Qg5 Re5 20. Ne3 Bc8 21. Rd1 h6 22. Qf4 a5 23. g4 b4 24. gxf5 bxc3 25. f6 Qxh3 26. Qxe5 Nd7 27. Qe8+ Bf8 28. Rg1+ Kh8 29. Qxf7 1-0

[Event "Oberliga Nord O 1415"]
[Site "Germany"]
[Date "2014.10.19"]
[Round "2.1"]
[White "Hoffmann, Udo"]
[Black "Horn, Sven"]
[Result "1-0"]
[WhiteElo "2226"]
[BlackElo "2158"]
[PlyCount "79"]
[EventDate "2014.09.21"]
[EventType "team-tourn"]
[EventRounds "9"]
[EventCountry "GER"]
[SourceTitle "EXT 2016"]
[Source "ChessBase"]
[SourceDate "2015.10.08"]
[SourceVersion "1"]
[SourceVersionDate "2015.10.08"]
[SourceQuality "1"]
[WhiteTeam "Berlin SF III"]
[BlackTeam "Berlin Oberschoeneweide"]
[WhiteTeamCountry "GER"]
[BlackTeamCountry "GER"]

1. e4 c5 2. b3 Nc6 3. Bb2 e5 4. f4 exf4 5. Nf3 Nf6 6. Nc3 Be7 7. Bc4 0-0 8. Qe2 d6 9. 0-0-0 Bg4 10. Qf2 a6 11. Rde1 Rb8 12. Bd5 Ne5 13. Nxe5 dxe5 14. g3 Nh5 15. Ne2 Bf6 16. Reg1 Qe7 17. Nc3 Be6 18. g4 Bh4 19. Qf3 Nf6 20. g5 Nxd5 21. exd5 Bf5 22. Rg2 Bxg5 23. d6 Qd8 24. Rhg1 Bf6 25. Nd5 Bg6 26. h4 h5 27. Nxf6+ Qxf6 28. Qd5 Kh7 29. Rg5 f3 30. Bxe5 Qd8 31. Qxf3 Qe8 32. Rxh5+ Kg8 33. Rhg5 f6 34. Rxg6 Qxe5 35. Rxg7+ Kh8 36. d4 cxd4 37. Qg4 Qe3+ 38. Kb1 Qh6 39. Rg6 Qh7 40. Qf4 1-0

[Event "Oberliga Nord O 1314"]
[Site "Germany"]
[Date "2014.04.06"]
[Round "9.1"]
[White "Hoffmann, Udo"]
[Black "Lorenz, Sascha"]
[Result "1-0"]
[WhiteElo "2192"]
[BlackElo "2273"]
[PlyCount "55"]
[EventDate "2013.10.13"]
[EventType "team-tourn"]
[EventRounds "9"]
[EventCountry "GER"]
[SourceTitle "EXT 2015"]
[Source "ChessBase"]
[SourceDate "2014.11.20"]
[SourceVersion "1"]
[SourceVersionDate "2014.11.20"]
[SourceQuality "1"]
[WhiteTeam "Berlin SF III"]
[BlackTeam "Koenig Tegel II"]
[WhiteTeamCountry "GER"]
[BlackTeamCountry "GER"]

1. e4 d6 2. d4 Nf6 3. Nc3 g6 4. Bc4 c6 5. Qe2 d5 6. exd5 cxd5 7. Bg5 Bg7 8. Bxf6 Bxf6 9. Nxd5 Bg7 10. Nf3 Nc6 11. c3 0-0 12. Ne3 e5 13. dxe5 Nxe5 14. Nxe5 Bxe5 15. 0-0 Re8 16. Rad1 Qc7 17. g3 Be6 18. Rfe1 Rac8 19. Bxe6 Rxe6 20. Qd3 Rce8 21. Qd7 Qa5 22. Qxb7 Rb8 23. Qd7 Qxa2 24. Ng4 Bg7 25. Rxe6 Qxe6 26. Qxa7 Rxb2 27. Rd8+ Bf8 28. Qc5 1-0

[Event "Oberliga Nord O 1314"]
[Site "Germany"]
[Date "2014.03.16"]
[Round "8.2"]
[White "Hoffmann, Udo"]
[Black "Friedrich, Wiede"]
[Result "0-1"]
[WhiteElo "2192"]
[BlackElo "2259"]
[PlyCount "32"]
[EventDate "2013.10.13"]
[EventType "team-tourn"]
[EventRounds "9"]
[EventCountry "GER"]
[SourceTitle "EXT 2015"]
[Source "ChessBase"]
[SourceDate "2014.11.20"]
[SourceVersion "1"]
[SourceVersionDate "2014.11.20"]
[SourceQuality "1"]
[WhiteTeam "Berlin SF III"]
[BlackTeam "Potsdam USV"]
[WhiteTeamCountry "GER"]
[BlackTeamCountry "GER"]

1. b3 e5 2. Bb2 Nc6 3. e3 d5 4. Bb5 Bd6 5. f4 Qe7 6. fxe5 Bxe5 7. Bxe5 Qxe5 8. Nc3 Nf6 9. Nf3 Qd6 10. 0-0 0-0 11. Bxc6 bxc6 12. Qe1 Ba6 13. Ne2 Rae8 14. Nfd4 c5 15. Nf5 Qe5 16. Rf3 Bxe2 0-1

[Event "BL2-Nord 1314"]
[Site "Germany"]
[Date "2013.11.24"]
[Round "3.7"]
[White "Jaster, Robert"]
[Black "Hoffmann, Udo"]
[Result "1/2-1/2"]
[WhiteElo "2329"]
[BlackElo "2203"]
[PlyCount "68"]
[EventDate "2013.10.13"]
[EventType "team-tourn"]
[EventRounds "9"]
[EventCountry "GER"]
[SourceTitle "EXT 2015"]
[Source "ChessBase"]
[SourceDate "2014.11.20"]
[SourceVersion "1"]
[SourceVersionDate "2014.11.20"]
[SourceQuality "1"]
[WhiteTeam "Rostock"]
[BlackTeam "Berlin SF II"]
[WhiteTeamCountry "GER"]
[BlackTeamCountry "GER"]

1. d4 Nf6 2. c4 c5 3. Nf3 e6 4. Nc3 cxd4 5. Nxd4 a6 6. e3 b6 7. Be2 Bb7 8. 0-0 Be7 9. b3 0-0 10. Bb2 d6 11. Bf3 Ra7 12. Bxb7 Rxb7 13. Qf3 Qc8 14. Rfd1 Rc7 15. Rac1 Nbd7 16. Ne4 Qa8 17. Nxf6+ Nxf6 18. Qxa8 Rxa8 19. Ba3 Rac8 20. Ne2 Rc6 21. f3 Kf8 22. e4 Nd7 23. Kf2 Ke8 24. f4 Nc5 25. Kf3 R6c7 26. Nd4 Nxe4 27. Kxe4 d5+ 28. cxd5 exd5+ 29. Kxd5 Bxa3 30. Rxc7 Rxc7 31. Rd2 Bb4 32. Re2+ Kd7 33. Rc2 Bc3 34. Ke4 Bxd4 1/2-1/2

[Event "Mittelrhein-chT 1112"]
[Site "Germany"]
[Date "2012.02.26"]
[Round "9.1"]
[White "Krug, Kevin"]
[Black "Hoffmann, Udo"]
[Result "0-1"]
[WhiteElo "2184"]
[BlackElo "2224"]
[PlyCount "46"]
[EventDate "2011.09.11"]
[EventType "team-tourn"]
[EventRounds "13"]
[EventCountry "GER"]
[SourceTitle "EXT 2013"]
[Source "ChessBase"]
[SourceDate "2012.11.22"]
[SourceVersion "1"]
[SourceVersionDate "2012.11.22"]
[SourceQuality "1"]
[WhiteTeam "Koeln Muelheim"]
[BlackTeam "Aachen Hoern"]
[WhiteTeamCountry "GER"]
[BlackTeamCountry "GER"]

1. d4 Nf6 2. Nc3 d5 3. Bg5 Nbd7 4. f3 c5 5. dxc5 e6 6. b4 b6 7. c6 Ne5 8. b5 Bb4 9. Bd2 d4 10. Ne4 Bxd2+ 11. Nxd2 Nd5 12. e4 dxe3 13. Ne4 f5 14. c4 fxe4 15. cxd5 exf3 16. Nxf3 Nxf3+ 17. gxf3 Qh4+ 18. Ke2 Qf2+ 19. Kd3 exd5 20. Qe2 Bf5+ 21. Kc3 d4+ 22. Kxd4 0-0-0+ 23. Kc3 Qh4 0-1

[Event "Mittelrhein-chT 1112"]
[Site "Germany"]
[Date "2011.10.23"]
[Round "3.1"]
[White "Goossens, Etienne"]
[Black "Hoffmann, Udo"]
[Result "1-0"]
[WhiteElo "2181"]
[BlackElo "2224"]
[PlyCount "83"]
[EventDate "2011.09.11"]
[EventType "team-tourn"]
[EventRounds "13"]
[EventCountry "GER"]
[SourceTitle "EXT 2013"]
[Source "ChessBase"]
[SourceDate "2012.11.22"]
[SourceVersion "1"]
[SourceVersionDate "2012.11.22"]
[SourceQuality "1"]
[WhiteTeam "Wuerselen"]
[BlackTeam "Aachen Hoern"]
[WhiteTeamCountry "GER"]
[BlackTeamCountry "GER"]

1. d4 Nf6 2. c4 c5 3. d5 e6 4. Nc3 exd5 5. cxd5 d6 6. e4 g6 7. Bd3 Bg7 8. Nge2 0-0 9. 0-0 Re8 10. Ng3 Na6 11. h3 Nc7 12. a4 a6 13. f4 Rb8 14. Qf3 Kh8 15. Kh1 b5 16. axb5 axb5 17. Ra7 c4 18. Bb1 Nd7 19. e5 dxe5 20. d6 Ne6 21. f5 Nd4 22. Qd5 Rf8 23. fxg6 fxg6 24. Rxf8+ Qxf8 25. Bg5 Nb6 26. Qe4 Qxd6 27. Qh4 Bb7 28. Be7 Qe6 29. Nce4 Qc6 30. Rxb7 Qxb7 31. Nd6 Qd7 32. Bxg6 h6 33. Bf6 Kg8 34. Bf7+ Kf8 35. Bxg7+ Kxg7 36. Nh5+ Kf8 37. Qf6 Qd8 38. Qg7+ Ke7 39. Qxe5+ Kf8 40. Qxd4 Ke7 41. Qe5+ Kf8 42. Nf5 1-0

[Event "Maastricht Limburg op"]
[Site "Maastricht"]
[Date "2008.05.12"]
[Round "7"]
[White "Hoffmann, Udo"]
[Black "Reyniers, Pieter"]
[Result "1/2-1/2"]
[WhiteElo "2220"]
[BlackElo "2028"]
[PlyCount "23"]
[EventDate "2008.05.09"]
[EventType "swiss"]
[EventRounds "7"]
[EventCountry "NED"]
[SourceTitle "EXT 2009"]
[Source "ChessBase"]
[SourceDate "2008.11.26"]
[SourceVersion "1"]
[SourceVersionDate "2008.11.26"]
[SourceQuality "1"]

1. e4 c5 2. b3 e6 3. Nf3 Nf6 4. e5 Nd5 5. Bb2 Nc6 6. Bc4 d6 7. exd6 Bxd6 8. 0-0 0-0 9. Nc3 Nf6 10. Re1 a6 11. Ne4 Be7 12. Ng3 1/2-1/2

[Event "Maastricht Limburg op"]
[Site "Maastricht"]
[Date "2008.05.12"]
[Round "6"]
[White "Rademakers, Evert"]
[Black "Hoffmann, Udo"]
[Result "1-0"]
[WhiteElo "2092"]
[BlackElo "2220"]
[PlyCount "87"]
[EventDate "2008.05.09"]
[EventType "swiss"]
[EventRounds "7"]
[EventCountry "NED"]
[SourceTitle "EXT 2009"]
[Source "ChessBase"]
[SourceDate "2008.11.26"]
[SourceVersion "1"]
[SourceVersionDate "2008.11.26"]
[SourceQuality "1"]

1. d4 d5 2. Nf3 Nc6 3. c4 Bg4 4. cxd5 Bxf3 5. gxf3 Qxd5 6. e3 e5 7. Nc3 Bb4 8. Bd2 Bxc3 9. bxc3 Qd6 10. Rb1 0-0-0 11. Qb3 b6 12. Qxf7 Nf6 13. Bh3+ Kb8 14. 0-0 Rde8 15. Kh1 Re7 16. Qc4 Ne8 17. Bg2 Nf6 18. Bc1 Nd8 19. Qa6 Qe6 20. Ba3 Rf7 21. Rb5 Nd7 22. Rfb1 Qxa2 23. Kg1 Qe6 24. d5 Qg6 25. d6 c6 26. R5b2 h5 27. c4 c5 28. f4 e4 29. Rd2 h4 30. h3 Rh5 31. Bb2 Nc6 32. Bc3 Qe6 33. Qa4 Nb4 34. Bxb4 cxb4 35. Qc6 Nc5 36. Rxb4 Qd7 37. Bxe4 Nxe4 38. Qxe4 Ra5 39. Kg2 g5 40. Rd5 Rxd5 41. cxd5 gxf4 42. Qe6 fxe3 43. fxe3 Rg7+ 44. Rg4 1-0

[Event "Maastricht Limburg op"]
[Site "Maastricht"]
[Date "2008.05.11"]
[Round "4"]
[White "Dambacher, Martijn"]
[Black "Hoffmann, Udo"]
[Result "1-0"]
[WhiteElo "2471"]
[BlackElo "2220"]
[PlyCount "97"]
[EventDate "2008.05.09"]
[EventType "swiss"]
[EventRounds "7"]
[EventCountry "NED"]
[SourceTitle "EXT 2009"]
[Source "ChessBase"]
[SourceDate "2008.11.26"]
[SourceVersion "1"]
[SourceVersionDate "2008.11.26"]
[SourceQuality "1"]

1. d4 Nf6 2. c4 c5 3. d5 e6 4. Nc3 exd5 5. cxd5 d6 6. e4 g6 7. f4 Bg7 8. Bb5+ Nbd7 9. e5 dxe5 10. fxe5 Nh5 11. e6 Qh4+ 12. g3 Nxg3 13. hxg3 Qxh1 14. Be3 Bxc3+ 15. bxc3 a6 16. exd7+ Bxd7 17. Bxd7+ Kxd7 18. Qb3 b5 19. 0-0-0 Rhe8 20. Bf4 Qe4 21. Qa3 g5 22. Bxg5 Re5 23. Bf4 Rxd5 24. Qxc5 Rxd1+ 25. Kxd1 Rd8 26. Ne2 Qb1+ 27. Nc1 Ke8+ 28. Ke1 Qe4+ 29. Ne2 Rd3 30. Qc8+ Ke7 31. Qc7+ Ke8 32. Qb8+ Ke7 33. Qb6 f6 34. Qc5+ Kf7 35. Qh5+ Ke7 36. Kf2 Rd1 37. Qc5+ Kf7 38. Qa7+ Ke8 39. Qxa6 Rh1 40. Qxb5+ Kf7 41. g4 Rh3 42. Qd7+ Kg8 43. Bg3 Rh1 44. Qd8+ Kf7 45. Bd6 Qc2 46. Qe7+ Kg6 47. Qe8+ Kg5 48. Qg8+ Kh4 49. Qd5 1-0